000 00722nam a2200217Ia 4500
999 _c36094
_d36094
001 1994
003 GE_BSU
005 20221007164035.0
008 181216s1997ru xx |||||||||||||| ||rus||
020 _a5878170140
040 _cGE_BSU
041 _arus
080 _a343(470) П-73
245 _aПреступность,статистика, закон.
264 _aМосква :
_bКриминологическая ассоциация,
_c1997.
300 _a224 стр.:
653 _aПреступность,статистика, закон
653 _aდანაშაული, სტატისტიკა, სამართალი
653 _aსამართალი
942 _cBK
_2udc